000 01375nam a2200373 c 4500
001 58125
003 CO-BoRNBP
005 20250816000251.0
007 ta
008 201203b2020 ck a|||br6||| 00| 0 spa d
020 _a9789585591691
040 _aCO-BoRNBP
_bspa
_erda
_cCO-BoRNBP
041 0 _aspa
084 _aNG
100 _aBuitrago Triviño, Jairo,
_d1970-
_eaut
_962506
245 1 3 _aEl edificio /
_ctexto Jairo Buitrago ; ilustraciones Daniel Rabanal.
250 _aEdición especial
264 1 _aBogotá, Colombia :
_bBabel Libros,
_c2020
300 _a52 páginas :
_bilustraciones
336 _2rdacontent
_atexto
_btxt
337 _2rdamedia
_asin mediación
_bn
338 _2rdacarrier
_avolumen
_bnc
490 0 _aPlan Nacional de Lectura y Escritura Leer es mi Cuento / Ministerio de Cultura
521 _aRecomendado para un público infantil mayor de 6 años
650 0 7 _aCiudades y pueblos
_xcrecimiento
_xtécnicas
_2LEMB
_962507
650 0 7 _aNiños y adultos
_vnovela gráfica
_2lemb
_962508
650 0 4 _aNovela gráfica colombiana
_ysiglo xx
_2LEMB
_91676
650 0 7 _aSecretos
_vnovela gráfica
_2lemb
_962509
650 0 7 _aVida cotidiana
_vnovela gráfica
_2LEMB
_959678
650 0 4 _aLiteratura infantil colombiana
_ysiglo xx
_2LEMB
_9364
655 _aNovela gráfica
_9324740
700 _aRabanal, Daniel,
_d1949-
_eill
942 _2loc
_cBKLIT
999 _c58125
_d58125